[Event "3rd Savaria Summer Open"]
[Site "Szombathely HUN"]
[Date "2003.07.27"]
[Round "9"]
[White "Kovacs,Ga2"]
[Black "Bogdan,D"]
[Result "1-0"]
[WhiteElo "2393"]
[BlackElo "2435"]

1.d4 d6 2.Nf3 g6 3.c4 Bg7 4.Nc3 Nd7 5.e4 e5 6.Be2 Ngf6 7.O-O O-O 8.Re1 a5
9.Rb1 c6 10.Bf1 Ne8 11.a3 Nc7 12.Be3 exd4 13.Nxd4 Re8 14.f3 Ne5 15.Qc2 Ne6
16.Rbd1 Nxd4 17.Bxd4 Be6 18.c5 Qg5 19.Qf2 Qe7 20.cxd6 Qxd6 21.Bb6 Qe7 22.Qc2 Nd7
23.Bf2 Nc5 24.Nd5 cxd5 25.exd5 Rac8 26.dxe6 Nxe6 27.Qb3 Qc7 28.Qb5 Red8 29.Bb6 Rxd1
30.Rxd1 Qc2 31.Qd7 Bxb2 32.Rd2 Nf8 33.Rxc2  1-0

[Event "6th Magistral"]
[Site "Vicente Lopez ARG"]
[Date "2003.07.27"]
[Round "4"]
[White "Lafuente,P"]
[Black "Marques,V"]
[Result "1/2-1/2"]
[WhiteElo "2431"]
[BlackElo "2380"]

1.d4 Nf6 2.c4 g6 3.Nc3 Bg7 4.e4 d6 5.Nf3 O-O 6.Be2 Nbd7 7.O-O e5 8.Be3 Qe7
9.d5 Ne8 10.Ne1 f5 11.f3 Ndf6 12.Nd3 f4 13.Bf2 g5 14.c5 Rf7 15.Rc1 Bf8 16.Nb5 g4
17.Nxa7 g3 18.hxg3 fxg3 19.Bxg3 Rxa7 20.cxd6 Nxd6 21.Bxe5 Bh6 22.Bd4 Nb5  1/2-1/2

[Event "ch-NED Open"]
[Site "Dieren NED"]
[Date "2003.07.28"]
[Round "6"]
[White "Smeets,J"]
[Black "Nijboer,F"]
[Result "0-1"]
[WhiteElo "2477"]
[BlackElo "2588"]

1.d4 Nf6 2.c4 g6 3.Nc3 Bg7 4.e4 d6 5.Nf3 O-O 6.Be2 Na6 7.O-O e5 8.Re1 c6
9.d5 Nc5 10.Bf1 a5 11.b3 Qe7 12.Ba3 Ne8 13.Qd2 Bg4 14.Qe3 f5 15.dxc6 bxc6
16.Bxc5 dxc5 17.Na4 Nd6 18.Nxc5 Nf7 19.Na4 Bh6 20.Qc5 Qf6 21.Rad1 Bxf3 22.gxf3 Bd2
23.Re2 Rad8 24.Nb2 Rd4 25.f4 Bb4 26.Qb6 Rxd1 27.Nxd1 exf4 28.f3 fxe4  0-1

[Event "ch-NED Open"]
[Site "Dieren NED"]
[Date "2003.07.28"]
[Round "6"]
[White "Pedersen,NV"]
[Black "De Saegher,C"]
[Result "1-0"]
[WhiteElo "2528"]
[BlackElo "2230"]

1.d4 Nf6 2.c4 g6 3.Nc3 Bg7 4.e4 d6 5.Be2 O-O 6.Nf3 e5 7.O-O Nbd7 8.Re1 c6
9.d5 Nc5 10.Bg5 a5 11.Nd2 Qe7 12.b3 h6 13.Bh4 h5 14.Bg5 Kh7 15.a3 Bh6 16.Bxh6 Kxh6
17.b4 axb4 18.axb4 Rxa1 19.Qxa1 Na6 20.Qb2 c5 21.bxc5 Nxc5 22.Qb6 Nfd7 23.Qc7 Na6
24.Qa5 Ndc5 25.Qb6 Qd8 26.Rb1 Kg7 27.Qb2 Qf6 28.Ra1 Qd8 29.Ra3 Re8 30.Nb5 f5
31.exf5 Bxf5 32.Rg3 h4 33.Re3 Qf6 34.f4 Nd7 35.Qc3 Nac5 36.Nf3 e4 37.Qxf6+ Kxf6
38.Nxh4 Ke7 39.g4 Rh8 40.Ng2 Ra8 41.gxf5 gxf5 42.Nh4  1-0

[Event "MTO"]
[Site "Biel SUI"]
[Date "2003.07.29"]
[Round "8"]
[White "Schuurman,P"]
[Black "Javet,B"]
[Result "1-0"]
[WhiteElo "2303"]
[BlackElo "2087"]

1.d4 Nf6 2.c4 g6 3.Nc3 Bg7 4.e4 d6 5.Be2 O-O 6.Nf3 e5 7.Be3 Nc6 8.d5 Ne7
9.Nd2 Nd7 10.O-O f5 11.f3 f4 12.Bf2 g5 13.b4 Nf6 14.c5 Bd7 15.Nc4 Ne8 16.a4 Rf6
17.Qb3 Kh8 18.cxd6 cxd6 19.Nb5 Rh6 20.Nxa7 Rxa7 21.Bxa7 Nc8 22.Bf2 Qf6 23.Rfc1 Qg6
24.Nd2 Qh5 25.Nf1 Rg6 26.Bb5 Bxb5 27.axb5 g4 28.Rxc8 gxf3 29.Rxe8+ Bf8 30.g3 fxg3
31.Nxg3 Kg7 32.Rxf8 Kxf8 33.Ra3 Qg5 34.Qe3 Qh4 35.Qxf3+ Rf6 36.Ra8+ Kf7 37.Qh5+  1-0

[Event "ch-NED Open"]
[Site "Dieren NED"]
[Date "2003.07.30"]
[Round "8"]
[White "Pedersen,NV"]
[Black "Bosboom,M"]
[Result "1-0"]
[WhiteElo "2528"]
[BlackElo "2440"]

1.d4 Nf6 2.c4 g6 3.Nc3 Bg7 4.e4 d6 5.Be2 O-O 6.Nf3 e5 7.O-O exd4 8.Nxd4 Re8
9.f3 c6 10.Kh1 Nh5 11.g4 Nf6 12.Be3 h5 13.g5 Nh7 14.f4 Na6 15.Qc2 Nc5 16.Bf3 Qe7
17.Rae1 a5 18.Rg1 Nf8 19.Re2 a4 20.Qd1 Qc7 21.f5 Be5 22.Bxh5 gxh5 23.Reg2 Bg7
24.Ndb5 Qd8 25.Nxd6 Bxc3 26.g6 f6 27.Qxh5 Qxd6 28.g7 Be6 29.Qh8+ Kf7 30.Bxc5 Qxc5
31.g8=Q+ Ke7 32.fxe6 Nxe6 33.Qhh7+ Kd6  1-0

[Event "ch-AUT"]
[Site "Hartberg AUT"]
[Date "2003.07.30"]
[Round "4"]
[White "Schweda,R"]
[Black "Stanec,N"]
[Result "0-1"]
[WhiteElo "2381"]
[BlackElo "2560"]

1.d4 Nf6 2.c4 g6 3.Nc3 Bg7 4.e4 d6 5.Nf3 O-O 6.Be2 e5 7.d5 a5 8.Bg5 h6 9.Bh4 Na6
10.Nd2 Bd7 11.g4 c6 12.f3 Nc5 13.Nf1 a4 14.Bf2 cxd5 15.cxd5 b5 16.Qd2 Rb8
17.Ng3 Nh7 18.O-O Ng5 19.Kh1 Nh3 20.Be3 Qh4 21.Bd3 Nf4 22.Bc2 b4 23.Nce2 b3
24.axb3 Nxb3 25.Bxb3 Rxb3 26.Nc3 Rfb8 27.Ra2 h5 28.gxh5 Nxh5 29.Nge2 Qh3
30.Rf2 Bf6 31.Kg1 Nf4 32.Nc1 R3b7 33.Nd3 Nxd3 34.Qxd3 Bh4  0-1

[Event "Open"]
[Site "Olomouc CZE"]
[Date "2003.07.30"]
[Round "1"]
[White "Skrzypczak,P"]
[Black "Balabaev,T"]
[Result "1/2-1/2"]
[WhiteElo "2055"]
[BlackElo "2462"]

1.d4 Nf6 2.c4 g6 3.Nc3 Bg7 4.e4 O-O 5.Nf3 d6 6.Be2 Na6 7.O-O e5 8.Be3 Ng4
9.Bg5 Qe8 10.h3 Nf6 11.d5 Nh5 12.Re1 h6 13.Be3 Nf4 14.Bf1 g5 15.Qd2 f5 16.Bxf4 gxf4
17.exf5 Bxf5 18.Bd3 Bxd3 19.Qxd3 Nc5 20.Qe2 Qg6 21.Ne4 Nxe4 22.Qxe4 Qh5 23.Rac1 b6
24.b4 a5 25.c5 bxc5 26.bxc5 Rfb8 27.cxd6 cxd6 28.Rc4 Rb2 29.Rec1 Re8 30.R4c2 Rb4
31.Rc4 Rb2 32.R4c2  1/2-1/2

[Event "3rd Open"]
[Site "Plancoet FRA"]
[Date "2003.07.31"]
[Round "6"]
[White "Parmentier,X"]
[Black "Tripoteau,N"]
[Result "0-1"]
[WhiteElo "2347"]
[BlackElo "2258"]

1.d4 Nf6 2.Nf3 g6 3.c4 Bg7 4.Nc3 O-O 5.e4 d6 6.Be2 e5 7.O-O exd4 8.Nxd4 Re8
9.f3 Nh5 10.Be3 f5 11.Qd2 f4 12.Bf2 Be5 13.Rfd1 Qf6 14.Rac1 Na6 15.b4 Bd7
16.Nd5 Qd8 17.c5 c6 18.Nb3 Rb8 19.Nc3 d5 20.Nxd5 Be6 21.b5 Nc7 22.Nxc7 Qxc7
23.b6 axb6 24.cxb6 Qf7 25.Rc5 Bf6 26.Qc2 Ra8 27.Rc1 Be7 28.Re5 Ng7 29.Bc4 Bxc4
30.Qxc4 Rxa2 31.h3 Rxf2 32.Rxe7 Rxg2+ 33.Kxg2 Rxe7 34.Nc5 Ne8 35.Qxf7+ Kxf7
36.Rd1 Ng7 37.Rd8 Ne6 38.Nxe6 Kxe6 39.Kf2 Rd7 40.Rb8 c5 41.Rc8 Rd2+ 42.Kg1 Rd6
43.Rxc5 Rxb6 44.Rc7 Rb1+ 45.Kg2 Rb2+ 46.Kg1 h5 47.h4 b5 48.Rc5 Kd6 49.Rg5 b4
50.Kf1 b3 51.Ke1 Ra2 52.Rb5 b2 53.Kd1 Ra1+ 54.Kc2 b1=Q+ 55.Rxb1 Rxb1 56.Kxb1 g5  0-1

[Event "Ceska Pojistovna Cup"]
[Site "Olomouc CZE"]
[Date "2003.08.01"]
[Round "3"]
[White "Garlik,M"]
[Black "Groetz,H"]
[Result "1/2-1/2"]
[WhiteElo "2127"]
[BlackElo "2336"]

1.d4 Nf6 2.c4 g6 3.Nc3 Bg7 4.e4 d6 5.Nf3 O-O 6.Be2 e5 7.O-O Na6 8.Re1 c6
9.Bf1 exd4 10.Nxd4 Ng4 11.h3 Qb6 12.hxg4 Qxd4 13.g5 Qxd1 14.Rxd1 Be5 15.g3 Nc5
16.Bg2 Re8 17.Rb1 Be6 18.f4 Bxc3 19.bxc3 Bxc4 20.Ba3 Nxe4 21.Bxe4 Rxe4 22.Rxd6 Rae8
23.Bc5 Bxa2 24.Rb2 Re1+ 25.Kf2 Bd5 26.Bxa7 b5 27.Rd8 Rxd8 28.Kxe1 Ra8 29.Bc5 Ra1+
30.Kf2 Rh1 31.Re2 Rh2+ 32.Ke1 Rxe2+ 33.Kxe2 Kg7 34.Ke3 h6 35.Be7 hxg5 36.fxg5 Kg8  1/2-1/2

[Event "ITT"]
[Site "Vicente Lopez ARG"]
[Date "2003.08.01"]
[Round "9"]
[White "Molina,Jo"]
[Black "Della Morte,P"]
[Result "1/2-1/2"]
[WhiteElo "2310"]
[BlackElo "2318"]

1.Nf3 g6 2.c4 Bg7 3.d4 Nf6 4.Nc3 O-O 5.e4 d6 6.Be2 e5 7.dxe5 dxe5 8.Qxd8 Rxd8
9.Bg5 Na6 10.Nd5 Nxd5 11.cxd5 f6 12.Be3 Bf8 13.Rc1 Bd6 14.Nd2 b6 15.a3 f5
16.f3 Nc5 17.b4 Nd7 18.Nc4 f4 19.Bf2 Be7 20.O-O Ba6 21.Rfd1 Bxc4 22.Bxc4 Bd6
23.Bb3 Kg7 24.Rc4 g5 25.Rdc1 a5 26.Be1  1/2-1/2

[Event "8th Open"]
[Site "Creon FRA"]
[Date "2003.08.02"]
[Round "8"]
[White "Suez Panama,G"]
[Black "Vajda,S"]
[Result "0-1"]
[WhiteElo "2069"]
[BlackElo "2403"]

1.d4 Nf6 2.Nf3 g6 3.c4 Bg7 4.Nc3 d6 5.e4 O-O 6.Be2 e5 7.dxe5 dxe5 8.Qxd8 Rxd8
9.Bg5 Re8 10.O-O-O h6 11.Be3 c6 12.Nd2 Ng4 13.Bxg4 Bxg4 14.f3 Be6 15.b3 Nd7
16.Na4 Bf8 17.Kb2 b5 18.cxb5 cxb5 19.Nc3 a6 20.Ndb1 f5 21.Nd5 Bxd5 22.exd5 Rad8
23.a3 e4 24.f4 Nf6 25.Nc3 b4 26.axb4 Bxb4 27.Bd4 Nxd5 28.Ne2 Kf7 29.h3 Rd7
30.g4 Red8 31.Be5 Ne3 32.Rxd7+ Rxd7 33.Bd4 Nd5 34.gxf5 gxf5 35.Rg1 Nf6 36.Rc1 Nd5
37.Rg1 Bf8 38.Be5 Nb4 39.Nd4 Nd3+ 40.Kc2 Nxe5  0-1

[Event "Open"]
[Site "Olomouc CZE"]
[Date "2003.08.04"]
[Round "6"]
[White "Jurcik,Mart"]
[Black "Krapivin,V"]
[Result "1/2-1/2"]
[WhiteElo "2101"]
[BlackElo "2318"]

1.Nf3 Nf6 2.d4 d6 3.c4 g6 4.Nc3 Bg7 5.e4 O-O 6.Be2 e5 7.d5 a5 8.Bg5 h6 9.Bh4 Na6
10.O-O Bd7 11.Nd2 Qe8 12.f3 Nh7 13.Bf2 f5 14.b3 f4 15.a3 g5 16.Rb1 h5 17.b4 axb4
18.axb4 Qg6 19.c5 g4 20.cxd6 g3 21.Be1 cxd6 22.Nc4 Qg5 23.Nb6 Qh4 24.hxg3 fxg3
25.Bxg3 Qxg3 26.Nxd7 Rf7 27.Nb6 Bh6 28.Nc4 Bf4 29.Re1 Rg7 30.Bf1 Ng5  1/2-1/2

[Event "HZ Open"]
[Site "Vlissingen NED"]
[Date "2003.08.04"]
[Round "4"]
[White "Bliek,W"]
[Black "Afek,Y"]
[Result "0-1"]
[WhiteElo "2164"]
[BlackElo "2387"]

1.d4 Nf6 2.Nf3 g6 3.c4 Bg7 4.Nc3 O-O 5.e4 d6 6.Be2 Nbd7 7.O-O e5 8.d5 a5
9.Ne1 Nc5 10.f3 Nh5 11.Nd3 b6 12.Be3 f5 13.b3 Nf6 14.Nxc5 bxc5 15.Rb1 f4
16.Bf2 g5 17.g4 fxg3 18.hxg3 Bh3 19.Re1 h5 20.Be3 g4 21.Bg5 Qe8 22.Bxf6 Rxf6
23.fxg4 hxg4 24.Bxg4 Qg6 25.Bxh3 Qxg3+ 26.Bg2 Qf2+  0-1

[Event "FSIM August"]
[Site "Budapest HUN"]
[Date "2003.08.05"]
[Round "4"]
[White "D'Costa,L"]
[Black "Lenderman,A"]
[Result "1-0"]
[WhiteElo "2321"]
[BlackElo "2219"]

1.d4 Nf6 2.c4 g6 3.Nc3 Bg7 4.e4 d6 5.Be2 O-O 6.Nf3 e5 7.Be3 Nc6 8.d5 Ne7
9.Nd2 Ne8 10.c5 f5 11.f3 f4 12.Bf2 b6 13.b4 a5 14.cxb6 axb4 15.Nb5 cxb6 16.O-O g5
17.Qb3 h5 18.Nc4 Rb8 19.Qxb4 Rf6 20.Nxb6 Ba6 21.Qa5 Bxb5 22.Qxb5 Rg6 23.Qd7 Qxd7
24.Nxd7 Rb2 25.Rfe1 g4 26.Nb6 g3 27.hxg3 fxg3 28.Be3 Bh6 29.Nc4 Bxe3+ 30.Nxe3 Rg7
31.a4 Ng6 32.Bb5 Nc7 33.Bf1 Nf4 34.Reb1 Rf2 35.Nf5 Rg5 36.Rb8+ Kh7 37.Rb7 Rc2
38.Nh4 Ng6 39.Nxg6 Rxg6 40.a5 Rg7 41.a6 Na8 42.Bd3 Rc3 43.Bb5 Rc8 44.Bc6 Nc7
45.a7 Na8 46.Rb8 Rgg8 47.Rab1 Rc7 48.Rxg8 Kxg8 49.Rb8+ Kg7 50.Rxa8 Kh7 51.Rh8+  1-0

[Event "Sunstar Park Open"]
[Site "Davos SUI"]
[Date "2003.08.05"]
[Round "4"]
[White "Grooten,H"]
[Black "Vogt,L"]
[Result "0-1"]
[WhiteElo "2402"]
[BlackElo "2452"]

1.d4 Nf6 2.c4 g6 3.Nc3 Bg7 4.e4 d6 5.Be2 O-O 6.Nf3 e5 7.Be3 Nbd7 8.d5 Ng4
9.Bg5 f6 10.Bc1 Nh6 11.a3 a5 12.Rb1 f5 13.Ng5 Nc5 14.b4 axb4 15.axb4 Nxe4
16.Ncxe4 fxe4 17.Nxe4 Bf5 18.Bd3 Bxe4 19.Bxe4 Qh4 20.Bf3 e4  0-1

[Event "10th Summer Open"]
[Site "Nice FRA"]
[Date "2003.08.06"]
[Round "4"]
[White "Sanchez,Joseph"]
[Black "Paragua,M"]
[Result "1/2-1/2"]
[WhiteElo "2410"]
[BlackElo "2500"]

1.d4 Nf6 2.c4 g6 3.Nc3 Bg7 4.e4 d6 5.Nf3 O-O 6.Be2 e5 7.O-O Na6 8.Re1 c6
9.Bf1 exd4 10.Nxd4 Ng4 11.Nf3  1/2-1/2

[Event "HZ Open"]
[Site "Vlissingen NED"]
[Date "2003.08.06"]
[Round "6"]
[White "Mohandesi,S"]
[Black "Ernst,S"]
[Result "0-1"]
[WhiteElo "2337"]
[BlackElo "2468"]

1.c4 Nf6 2.Nc3 g6 3.e4 d6 4.d4 Bg7 5.Nf3 O-O 6.Be2 e5 7.O-O Na6 8.Bg5 h6
9.Bh4 Qe8 10.d5 Nc5 11.Nd2 a5 12.Nb5 Qd8 13.Qc2 c6 14.Nc3 Qb6 15.Kh1 a4 16.f3 Bd7
17.Rab1 Qb4 18.Rfc1 Rfc8 19.Qd1 Nh7 20.Be1 h5 21.Nf1 Qb6 22.dxc6 Rxc6 23.Bd2 Qd8
24.Ne3 Bh6 25.Ned5 Bxd2 26.Qxd2 Be8 27.Rd1 Rcc8 28.Rbc1 Kg7 29.Ne3 Qg5 30.Nc2 Rd8
31.Na3 f5 32.exf5 gxf5 33.Nab5 Bxb5 34.Nxb5 Kg6 35.Qxg5+ Nxg5 36.Nxd6 Nge6
37.Bf1 Rd7 38.Nb5 Rad8 39.Rxd7 Rxd7 40.Kg1 Rd2 41.Rb1 h4 42.b4 axb3 43.axb3 h3
44.b4 hxg2 45.Bxg2 Nd3 46.h4 Ndf4 47.Bf1 Kh5 48.c5 Kxh4 49.Rb3 Kg3 50.Bc4 Rd1+  0-1

[Event "ch-SLO w"]
[Site "Bled SLO"]
[Date "2003.08.08"]
[Round "7"]
[White "Vospernik,M"]
[Black "Svent,S"]
[Result "1/2-1/2"]
[WhiteElo "2085"]
[BlackElo "1960"]

1.Nf3 Nf6 2.d4 g6 3.c4 Bg7 4.Nc3 d6 5.e4 O-O 6.Be2 e5 7.Bg5 exd4 8.Nxd4 h6
9.Bh4 g5 10.Bg3 Re8 11.f3 Nc6 12.Nc2 Nh5 13.Qd2 f5 14.O-O-O Nxg3 15.hxg3 fxe4
16.Nxe4 Bf5 17.Bd3 Ne5 18.Ne3 Nxd3+ 19.Qxd3 Bxe4 20.fxe4 Qf6 21.Rd2 Qe6 22.Nd5 Rac8
23.Re1 c6 24.Nc3 Be5 25.Kb1 Qg4 26.Rh1 Re6 27.c5 Bxc3 28.bxc3 dxc5 29.Re1 Rce8
30.Rde2 Re5 31.Qf3 Qe6 32.Qh5 Kg7 33.Qf3 Qc4 34.Rf2 Qe6 35.Rfe2 Qc4 36.Rf2 Qe6
37.Rfe2 b5 38.Qd3 c4 39.Qe3 c5 40.a3 Qa6 41.Qc1 Qb7 42.Qc2 a5 43.Ka1 Qc6
44.Re3 b4 45.Qe2 Qe6 46.Qc2 Qc6 47.Qe2 Qa6 48.Qc2 Rd8 49.Rd1 b3 50.Qb1 b2+
51.Ka2 Rxd1 52.Qxd1 Qb5 53.Qc2 Qb3+ 54.Kb1 Qxa3 55.Qxb2 Qxb2+ 56.Kxb2 Re6
57.Ka3 Kf6 58.Ka4 Rb6 59.Kxa5 Rb3 60.g4 Ke5 61.g3 Rb2 62.Ka4 Rb1 63.Ka5 Rb2
64.Ka4 Rb7 65.Ka3 Rd7 66.Rf3 Rd3 67.Rf5+ Kxe4 68.Rxc5 Rxc3+ 69.Kb2 Rb3+ 70.Kc2 Kd4
71.Rc6 Rxg3 72.Rxh6 Rg2+ 73.Kc1 Kc3 74.Kd1 Rxg4 75.Ke2 Kc2 76.Rg6 c3 77.Kf3 Rf4+
78.Ke3 Rf5 79.Ke4 Rb5 80.Rf6 Kb2 81.Kd3 Rd5+ 82.Kc4 c2 83.Rb6+ Ka2 84.Ra6+ Kb2
85.Rb6+ Ka2 86.Ra6+  1/2-1/2

[Event "FSIM August"]
[Site "Budapest HUN"]
[Date "2003.08.08"]
[Round "7"]
[White "Farago,S"]
[Black "Pirisi,G"]
[Result "1/2-1/2"]
[WhiteElo "2319"]
[BlackElo "2260"]

1.d4 Nf6 2.c4 g6 3.Nc3 Bg7 4.e4 d6 5.Nf3 O-O 6.Be2 e5 7.dxe5 dxe5 8.Qxd8 Rxd8
9.Nd5 Nxd5 10.cxd5 c6 11.Bc4 cxd5 12.Bxd5 Na6 13.Be3 Nc7 14.Bb3 Be6 15.Bxe6 Nxe6
16.Ke2 f6 17.Rhd1 Kf7 18.Rxd8 Rxd8 19.Rd1 Rxd1 20.Kxd1  1/2-1/2

[Event "Sunstar Park Open"]
[Site "Davos SUI"]
[Date "2003.08.08"]
[Round "7"]
[White "Grooten,H"]
[Black "Antoniewski,R"]
[Result "0-1"]
[WhiteElo "2402"]
[BlackElo "2499"]

1.d4 Nf6 2.c4 g6 3.Nc3 Bg7 4.e4 d6 5.Nf3 O-O 6.Be2 e5 7.Be3 Ng4 8.Bg5 f6
9.Bh4 g5 10.Bg3 Nh6 11.dxe5 dxe5 12.Qd5+ Nf7 13.O-O-O Qe7 14.h4 c6 15.Qa5 Na6
16.hxg5 fxg5 17.Ne1 Nc5 18.Qa3 Re8 19.f3 Ne6 20.Qxe7 Rxe7 21.Bf2 Nd4 22.Bd3 Nd8
23.Nc2 N8e6 24.Ne3 Nf4 25.Bb1 Rf7 26.Nc2 Nxc2 27.Bxc2 Nxg2 28.Rdg1 Nf4 29.Rxg5 Nh3
30.Rg2 Rxf3 31.Bg3 Nf4 32.Bxf4 Rxf4 33.Nd1 Rg4 34.Rgh2 h6 35.Ne3 Rg3 36.Kd2 Bf6
37.Ke2 Bg5 38.Nf1 Rg4 39.Ne3 Rf4 40.Rd1 Be6 41.b3 a5 42.Nf5 a4 43.Rg1 Bxf5
44.exf5 Kg7 45.Rd1 axb3 46.Rd7+ Kf6 47.Bxb3 Rd4 48.Rxd4 exd4 49.c5 Ra5 50.Kd3 Be3
51.Kc4 Kxf5 52.Rh5+ Kf6 53.Rh1 Kg5 54.Rf1 h5 55.Rf7 Ra7 56.Kd3 h4 57.Ke4 Kg6
58.Kf3 Ra5 59.Rxb7 Rxc5 60.Kg4 Bg5 61.Rd7 Bf6 62.Bf7+ Kh6 63.Be6 Rg5+ 64.Kf4 Be5+
65.Ke4 Kg6 66.Rf7 h3 67.Rf3 h2 68.Rh3 Bc7 69.Bd7 Re5+ 70.Kf3 Re1 71.Bxc6 h1=Q+  0-1

[Event "WYol u16"]
[Site "Denizli TUR"]
[Date "2003.08.10"]
[Round "10"]
[White "Bykhovsky,An ISR"]
[Black "Kairbekov,Ruslan"]
[Result "0-1"]
[WhiteElo "2259"]
[BlackElo "2132"]

1.d4 Nf6 2.c4 g6 3.Nc3 Bg7 4.e4 d6 5.Nf3 O-O 6.Be2 e5 7.O-O exd4 8.Nxd4 Re8
9.f3 Nc6 10.Be3 Nh5 11.f4 Nf6 12.Bf3 Bg4 13.Nxc6 Bxf3 14.Qxf3 bxc6 15.Rad1 Nxe4
16.Nxe4 Qe7 17.Bd4 Qxe4 18.Bxg7 Qxf3 19.Rxf3 Kxg7 20.Rd2 Re4 21.Rc2 Rae8
22.Kf2 Rd4 23.g3 Ree4 24.b3 f5 25.Re3 a5 26.Rxe4 Rxe4 27.Kf3 Re1 28.Kf2 Re8
29.Rd2 Kf7 30.Kf3 Re1 31.Kf2 Rc1 32.Ke3 a4 33.Kd4 axb3 34.axb3 Re1 35.Ra2 Ke6
36.b4 Re4+ 37.Kc3 Re3+ 38.Kd4 Rb3 39.Ra8 Rxb4 40.Kc3 c5 41.Rh8 c6 42.Rxh7 d5
43.cxd5+ cxd5 44.Rc7 d4+ 45.Kd3 Rb3+ 46.Ke2 Re3+ 47.Kd2 Kd5 48.Rg7 Ra3 49.Rxg6 Ra2+
50.Kc1 Rxh2 51.Rg5 d3 52.Rxf5+ Kd4  0-1

[Event "19th Open"]
[Site "Faaker-See AUT"]
[Date "2003.08.10"]
[Round "3"]
[White "Frank,P"]
[Black "Manescu,T"]
[Result "1/2-1/2"]
[WhiteElo "2188"]
[BlackElo "2354"]

1.d4 Nf6 2.c4 g6 3.Nc3 Bg7 4.Nf3 O-O 5.e4 d6 6.Be2 e5 7.O-O Nbd7 8.Bg5 h6
9.Bh4 c6 10.Re1 Qc7 11.a4 exd4 12.Qxd4 Re8 13.Bf1 Ne5 14.Nxe5 dxe5 15.Qe3 Nd7
16.a5 Bf8 17.Bg3 Kg7 18.Kh1 g5 19.Ne2 Bc5 20.Qc3 Nf6 21.f3 Qe7 22.Red1 Bb4
23.Qe3 Bc5 24.Qc3 Bb4 25.Qe3  1/2-1/2

[Event "11th GM"]
[Site "Lippstadt GER"]
[Date "2003.08.10"]
[Round "4"]
[White "Gustafsson,J"]
[Black "Maiwald,JU"]
[Result "1/2-1/2"]
[WhiteElo "2570"]
[BlackElo "2517"]

1.d4 Nf6 2.c4 g6 3.Nc3 Bg7 4.e4 d6 5.Nf3 O-O 6.Be2 e5 7.Be3 Ng4 8.Bg5 f6
9.Bh4 Nc6 10.d5 Ne7 11.Nd2 Nh6 12.f3 g5 13.Bf2 f5 14.c5 Ng6 15.g3 fxe4 16.fxe4 Bh3
17.cxd6 cxd6 18.Be3 b5 19.Nxb5 Qd7 20.Nc3 Rab8 21.Qa4 Qxa4 22.Nxa4 Rb4 23.Nc3 Nf4
24.Nb3 Nxe2 25.Kxe2 a5 26.Nd2 Ng4 27.b3 Nxe3 28.Kxe3 g4 29.Ke2 Bh6 30.Nc4 Rf3
31.Nd1 a4 32.Rb1 axb3 33.axb3 Rfxb3 34.Rxb3 Rxb3 35.Nde3 Bxe3 36.Nxe3 Rb2+
37.Kd3 Rb3+ 38.Kd2 Bg2 39.Ra1 Bxe4 40.Ra6 h5 41.Rxd6 Rd3+ 42.Ke2 Rd4  1/2-1/2

[Event "19th Open"]
[Site "Faaker-See AUT"]
[Date "2003.08.11"]
[Round "4"]
[White "Behm,S"]
[Black "Bergen,P"]
[Result "1/2-1/2"]
[WhiteElo "2003"]
[BlackElo "2219"]

1.d4 Nf6 2.c4 g6 3.Nc3 Bg7 4.e4 d6 5.Nf3 O-O 6.Be2 Nbd7 7.O-O e5 8.Be3 c6
9.h3 Qe7 10.Qc2 exd4 11.Bxd4 Ne5 12.Nxe5 dxe5 13.Be3 Nd7 14.Na4 f5 15.exf5 gxf5
16.f4 exf4 17.Bxf4 Ne5 18.Rfe1 Qh4 19.Qd2 Ng6 20.g3 Qf6 21.Rad1 Nxf4 22.gxf4 Be6
23.Nc5 Rad8 24.Qe3 Bc8 25.Rxd8 Rxd8 26.Nd3 Qh4 27.Kh2 Bd4 28.Qg3+ Qxg3+ 29.Kxg3 Re8
30.b3 Re3+ 31.Kg2 Kf8 32.Bf1 Rxe1 33.Nxe1 Ke7 34.Nf3 Be3 35.Kg3 h6 36.Bd3 Kf6
37.Nh4 Bd2 38.Nf3 Bc3 39.Kf2 Be6 40.Nh4 Bd4+ 41.Ke2 Bb2 42.Ng2 Bc1 43.Kf3  1/2-1/2

[Event "Independence Cup"]
[Site "Kyiv UKR"]
[Date "2003.08.15"]
[Round "3"]
[White "Kruppa,Y"]
[Black "Moliboga,V"]
[Result "1-0"]
[WhiteElo "2520"]
[BlackElo "2295"]

1.d4 g6 2.c4 Bg7 3.Nf3 d6 4.Nc3 Nf6 5.e4 O-O 6.Be2 e5 7.Be3 Ng4 8.Bg5 f6
9.Bc1 Nh6 10.dxe5 dxe5 11.Qxd8 Rxd8 12.Nd5 Rd7 13.Bxh6  1-0

[Event "19th Open"]
[Site "Faaker-See AUT"]
[Date "2003.08.16"]
[Round "9"]
[White "Hicker,H"]
[Black "Praznik,N"]
[Result "1/2-1/2"]
[WhiteElo "2111"]
[BlackElo "2277"]

1.Nf3 Nf6 2.d4 g6 3.c4 Bg7 4.Nc3 O-O 5.e4 d6 6.Be2 Nbd7 7.O-O e5 8.d5 Nc5
9.Qc2 a6 10.Ne1 Nfd7 11.Nd3 f5 12.exf5 gxf5 13.Nxc5 Nxc5 14.f4 e4 15.Be3 Bd7
16.Rad1 Kh8 17.Qd2 Qe8 18.Bd4 h5 19.Qe3 Bxd4 20.Qxd4+ Kh7 21.Qf2 Qg6 22.Qh4 Kh6
23.Kh1 Rg8 24.Rg1  1/2-1/2

[Event "ADCF Masters"]
[Site "Abu Dhabi UAE"]
[Date "2003.08.17"]
[Round "2"]
[White "Taleb,M"]
[Black "Khalid,A"]
[Result "1-0"]
[WhiteElo "2401"]
[BlackElo "2185"]

1.d4 Nf6 2.Nf3 g6 3.c4 Bg7 4.Nc3 O-O 5.e4 d6 6.Be2 e5 7.Be3 Nc6 8.d5 Ne7
9.Nd2 Ne8 10.b4 f5 11.f3 fxe4 12.fxe4 Kh8 13.h4 h5 14.Nf3 Nf6 15.Qd2 Ng4
16.Bg5 Bf6 17.Nh2 Nxh2 18.Rxh2 Ng8 19.g3 Bd7 20.O-O-O Qe7 21.Kb1 Rf7 22.Be3 Raf8
23.c5 a6 24.Rc1 Bg7 25.Nd1 Nf6 26.Nf2 Kg8 27.Ka1 Qe8 28.Qc2 Ng4 29.Nxg4 Bxg4
30.c6 Bxe2 31.Qxe2 b5 32.g4 Rf3 33.gxh5 gxh5 34.Rg2 Kh8 35.Rcg1 R3f7 36.Qxh5+ Kg8
37.Qe2  1-0

[Event "Independence Cup"]
[Site "Kyiv UKR"]
[Date "2003.08.17"]
[Round "5"]
[White "Levin,Ev"]
[Black "Shianovsky,V"]
[Result "1-0"]
[WhiteElo "2158"]
[BlackElo "2281"]

1.d4 Nf6 2.c4 g6 3.Nc3 Bg7 4.e4 d6 5.Nf3 O-O 6.Be2 e5 7.d5 Nbd7 8.Bg5 a6
9.b4 Qe8 10.Nd2 h6 11.Be3 c5 12.dxc6 bxc6 13.Nb3 Qe7 14.Qd2 d5 15.cxd5 cxd5
16.Nxd5 Nxd5 17.exd5 Rb8 18.a3 f5 19.Bxh6 f4 20.Bxg7 Kxg7 21.Na5 Rb6 22.h4 Rh8
23.Qc3 Rf6 24.O-O-O Nb6 25.Nc6 Qd6 26.Bf3 Re8 27.Rhe1 Nd7 28.Kb1 Bb7 29.Na5 Qb6
30.Nxb7 Qxb7 31.d6 Qb6 32.Qc7 Rd8 33.Rxe5 Rf7 34.Bd5 Qxc7 35.dxc7 Rc8 36.Re8 Rxc7
37.Bxf7 Kxf7 38.Re4  1-0

[Event "9th Open"]
[Site "Pilsen-Lobzy CZE"]
[Date "2003.08.17"]
[Round "2"]
[White "Kolar,Ja"]
[Black "Kuba,J"]
[Result "0-1"]
[WhiteElo "2063"]
[BlackElo "2158"]

1.Nf3 Nf6 2.d4 g6 3.c4 Bg7 4.Nc3 O-O 5.e4 d6 6.Be2 Nbd7 7.O-O e5 8.Re1 h6
9.Bf1 Nh7 10.Be3 Ng5 11.Nxg5 hxg5 12.dxe5 Nxe5 13.Qd2 g4 14.Rad1 Be6 15.c5 dxc5
16.Bxc5 Re8 17.Qf4 Qf6 18.Qxf6 Bxf6 19.Nb5 Bd8 20.b3 Nc6 21.Nd4 Nxd4 22.Bxd4 Be7
23.Rc1 c6 24.Bc4 Ba3 25.Rcd1 Bb4 26.Re3 Bxc4 27.bxc4 Rad8 28.Red3 f5 29.Bxa7 f4
30.Bb6  0-1

[Event "Open"]
[Site "Vienna AUT"]
[Date "2003.08.17"]
[Round "2"]
[White "Thallinger,H"]
[Black "Erhart,H"]
[Result "1-0"]
[WhiteElo "2363"]
[BlackElo "2094"]

1.d4 Nf6 2.c4 g6 3.Nc3 Bg7 4.e4 d6 5.Be2 O-O 6.Nf3 e5 7.O-O Nbd7 8.Re1 c6
9.Bf1 a6 10.Rb1 b5 11.d5 cxd5 12.Nxd5 Nxd5 13.Qxd5 Nb6 14.Qc6 Rb8 15.cxb5 axb5
16.Qxb5 Be6 17.b3 Nd5 18.Qd3 Nb4 19.Qd2 f5 20.Bc4 Bf7 21.Ba3 fxe4 22.Bxf7+ Rxf7
23.Rxe4 Nc6 24.Ng5 Nd4 25.Nxf7 Kxf7 26.Rxd4 exd4 27.Qf4+ Bf6 28.Bxd6 Rb5
29.Bc7 Qa8 30.Qd2 Rg5 31.Bg3 h5 32.h4 Rd5 33.Qd3 Qxa2 34.Rc1 Rd7 35.Rc6 Qa1+
36.Kh2 Qe1 37.Qc4+ Kg7 38.Re6 Qc3 39.Qb5 Qc8 40.Be5 Rf7 41.Rxf6 Rxf6 42.Qb6 Qf5
43.Qxd4  1-0

[Event "Jezero Open"]
[Site "Belgrade YUG"]
[Date "2003.08.18"]
[Round "5"]
[White "Kilibarda,N"]
[Black "Volas,N"]
[Result "0-1"]
[WhiteElo "1864"]
[BlackElo "2169"]

1.d4 Nf6 2.c4 g6 3.Nf3 Bg7 4.Nc3 O-O 5.e4 d6 6.Be2 e5 7.d5 Na6 8.O-O Nc5
9.Qc2 a5 10.b3 Nh5 11.Ne1 Nf4 12.Rb1 f5 13.f3 Nxe2+ 14.Qxe2 f4 15.Nd3 Nd7
16.a4 Nf6 17.c5 Nh5 18.Qf2 g5 19.cxd6 cxd6 20.Ba3 g4 21.fxg4 Bxg4 22.Nb5 Rf6
23.Rbc1 Rg6 24.Ne1 f3 25.Rc7 Nf4 26.Kh1 fxg2+ 27.Nxg2 Nxg2 28.Qxg2 Bd7 29.Qc2 Bh3
30.Rg1 Rxg1+ 31.Kxg1 Qg5+ 32.Kh1 Rf8  0-1

[Event "Independence Cup"]
[Site "Kyiv UKR"]
[Date "2003.08.18"]
[Round "6"]
[White "Levin,Ev"]
[Black "Pavlov,S2"]
[Result "0-1"]
[WhiteElo "2158"]
[BlackElo "2300"]

1.d4 Nf6 2.c4 g6 3.Nc3 Bg7 4.e4 d6 5.Nf3 O-O 6.Be2 e5 7.d5 a5 8.Bg5 h6 9.Bh4 Na6
10.Nd2 Qe8 11.a3 Bd7 12.b3 Nh7 13.Rb1 f5 14.f3 h5 15.b4 axb4 16.axb4 Bh6
17.Bf2 Qe7 18.Qc2 h4 19.h3 Bf4 20.Nf1 Qg5 21.Rg1 Bg3 22.Bd3 c5 23.dxc6 bxc6
24.Bxg3 hxg3 25.Qd2 c5 26.Qxg5 Nxg5 27.exf5 Nxb4 28.Be4 Ra3 29.Nd5 gxf5 30.h4 Nxe4
31.fxe4 fxe4 32.Nfe3 Nd3+ 33.Kd2 Rf2+ 34.Kd1 Ba4+  0-1